Kodeksy w Polsce - Statystyki

Ogólne statystyki
  • Ten quiz został rozwiązany 266 razy
  • Średni wynik to 8 z 14
Statystyki odpowiedzi
Skrót Rok wporwadzenia Odpowiedź % Poprawnych
k.k. 1997 r. kodeks karny
98%
k.c. 1964 r. kodeks cywilny
95%
k.p. 1974 r. kodeks pracy
70%
k.p.c. 1964 r. kodeks postępowania cywilnego
64%
k.p.k. 1997 r. kodeks postępowania karnego
64%
k.p.a. 1960 r. kodeks postępowania administracyjnego
61%
k.w. 1971 r. kodeks wykroczeń
61%
k.s.h. 2000 r. kodeks spółek handlowych
52%
k.k.w. 1997 r. kodeks karny wykonawczy
47%
krio, k.r.o. 1964 r. kodeks rodzinny i opiekuńczy
44%
k.k.s. 1999 r. kodeks karny skarbowy
42%
k.w. 2011 r. kodeks wyborczy
39%
k.m. 2001 r. kodeks morski
34%
k.p.w. 2001 r. kodeks postępowania w sprawach o wykroczenia
21%
Nie znaleziono quizów pasujących do podanych kryteriów
Rozkład punktacji
Procent ludzi z każdym wynikiem
Percentyl według liczby udzielonych odpowiedzi
Twoja historia wyników
Nie rozwiązałeś tego quizu